| 000 | 00968cam a2200253 i 4500 | ||
|---|---|---|---|
| 001 | 33986 | ||
| 005 | 20180714002028.0 | ||
| 008 | 140415s1964 mx r 000 0 spa d | ||
| 040 |
_aMX-PuUPA _bspa _erda _cMx-PuUPA _dMx-PuUPA |
||
| 041 | _aspa | ||
| 082 | 0 |
_a335.411 _bEST |
|
| 130 | 1 |
_aThe strategy of deception. _lEspañol |
|
| 245 | 1 | 3 |
_aLa estrategia del engaño : _bestudio de la táctica comunista en el mundo entero / _cJeane J. Kirkpatrick, editor ; versión española de Andres M. Mateo. |
| 250 | _aPrimera edición | ||
| 264 | 1 |
_aMéxico, D.F. : _bEditorial Limusa-Wiley, _c1964 |
|
| 300 |
_axxi, 544 páginas ; _c19 cm. |
||
| 336 |
_atexto _2rdacontent |
||
| 337 |
_asin mediación _2rdamedia |
||
| 338 |
_avolumen _2rdacarrier |
||
| 650 | 4 | _aEstrategia comunista | |
| 700 | 1 |
_aKirkpatrick, Jeane J., _eeditor |
|
| 700 | 1 |
_aMateo, Andres M., _etraductor |
|
| 700 | 1 |
_iTraducción de: _aKirkpatrick, Jeane J. _tThe strategy of deception. |
|
| 999 |
_c33986 _d33986 |
||